• 首页
  • 本馆介绍
  • 公告通知
  • 最新文献
  • 馆藏检索
  • 电子资源
  • 读者导购
  • 参考咨询
  • 我的图书馆
  • 登录
  • 详细信息显示
  • 放入我的书架
  • 预约/预借图书
  • 作者相关作品
  • 分类相关作品
  • 丛书相关作品
  • 出版社相关作品

书目信息

  • 表格格式
  • 工作单格式
  • 卡片格式
题名:
孤独症儿童行为管理策略及行为治疗课程
    
 
作者: 利夫 , 麦克伊钦 主编 ;蔡飞 译
分册:  
出版信息: 北京   华夏出版社  2020.03
页数: 307页
开本: 26cm
丛书名:
单 册:
中图分类: G766
科图分类:
主题词: 孤独症--儿童教育--特殊教育--行为控制
电子资源:
ISBN: 978-7-5080-9852-4
000 01382nam0 2200265 450
001 0103152707
005 20201103152733.0
010    @a978-7-5080-9852-4@dCNY68.00
100    @a20200622d2020 em y0chiy50 ea
101 1  @achi@ceng
102    @aCN@b110000
105    @ay z 000yy
106    @ar
200 1  @a孤独症儿童行为管理策略及行为治疗课程@Agu du zheng er tong xing wei guan li ce lue ji xing wei zhi liao ke cheng@dA work in progress: behavior management strategies and a curriculum for intensive behavioral treatment of autism@f(美)罗恩·利夫(Ron Leaf), (美)约翰·麦克伊钦(John Mceachin)主编@g蔡飞译@zeng
210    @a北京@c华夏出版社@d2020.03
215    @a307页@d26cm
330    @a本书分孤独症儿童行为改进策略、孤独症伙伴的回合尝试教学课程两部分。主要内容包括:密集行为治疗;适用于年龄较大的孩子和青少年的方法;强化;破坏性行为;理解破坏性行为;行为课程;自我刺激的行为;睡眠问题;排便训练;进食问题;游戏和社交问题;社交游戏等。
510 1  @aWork in progress behavior management strategies and a curriculum for intensive behavioral treatment of autism@zeng
606 0  @a孤独症@x儿童教育@x特殊教育@x行为控制
690    @aG766@v5
701  0 @c(美)@a利夫@Ali fu@c(Leaf, Ron)@4主编
701  0 @c(美)@a麦克伊钦@Amai ke yi qin@c(McEachin, John)@4主编
702  0 @a蔡飞@Acai fei@f(1966.2-)@4译
801  0 @aCN@bBJSZM@c20201103
905    @b1258591-5@dG766@e155@f5
    
    孤独症儿童行为管理策略及行为治疗课程=A work in progress: behavior management strategies and a curriculum for intensive behavioral treatment of autism/(美)罗恩·利夫(Ron Leaf), (美)约翰·麦克伊钦(John Mceachin)主编/蔡飞译.-北京:华夏出版社,2020.03
    307页;26cm
    
    
    ISBN 978-7-5080-9852-4:CNY68.00
    本书分孤独症儿童行为改进策略、孤独症伙伴的回合尝试教学课程两部分。主要内容包括:密集行为治疗;适用于年龄较大的孩子和青少年的方法;强化;破坏性行为;理解破坏性行为;行为课程;自我刺激的行为;睡眠问题;排便训练;进食问题;游戏和社交问题;社交游戏等。
●
相关链接 在E读中查询图书 在五车中查询图书 在当当中查询图书 在豆瓣中查询图书


正题名:孤独症儿童行为管理策略及行为治疗课程     索取号:G766/155         预约/预借

序号 登录号 条形码 馆藏地/架位号 状态 备注
1 1258591   212585914   第一样本阅览室/ [索取号:G766/155] 在馆    
2 1258592   212585923   教育系资料室/ [索取号:G766/155] 在馆    
3 1258593   212585932   教育系资料室/ [索取号:G766/155] 在馆    
4 1258594   212585941   第四借阅区/ [索取号:G766/155] 在馆    
5 1258595   212585950   第四借阅区/ [索取号:G766/155] 在馆    
唐山师范学院图书馆 欢迎您!
大连网信软件有限公司© 版权所有